000 00435nam a2200181Ia 4500
005 20250603145631.0
008 250603s9999 xx 000 0 und d
020 _a978- 1- 932099- 25- 6
050 _aBP 166 .G8513/
100 _aGulen, M. Fethullah
245 0 _aQuestions & answers about Islam
260 _aNew Jersey
260 _bTughra Books
260 _c2011
300 _a176 p
650 _aNew Jersey
942 _cBK
999 _c42407
_d42407